Giáo trình hóa lí

Nội dung giới thiệu đặc trưng chung của dung dịch hỗn hợp khí. Dung dịch lỏng vô cùng loãng. Dung dịch lí tưởng và dung dịch thực. Phương pháp toạ độ, cân bằng hoá học. Ảnh hưởng của nhiệt độ lên cân bằng hoá học. Nguyên lí thứ ba của nhie...

Disgrifiad llawn

Wedi'i Gadw mewn:
Manylion Llyfryddiaeth
Prif Awdur: Nguyễn, Đình Huề
Fformat: Llyfr
Iaith:Undetermined
Cyhoeddwyd: Hà Nội Giáo dục Việt Nam 2012
Pynciau:
Tagiau: Ychwanegu Tag
Dim Tagiau, Byddwch y cyntaf i dagio'r cofnod hwn!
Thư viện lưu trữ: Trung tâm Học liệu Trường Đại học Cần Thơ
LEADER 01130nam a2200205Ia 4500
001 CTU_206998
008 210402s9999 xx 000 0 und d
020 |c 28000 
082 |a 541.3 
082 |b H507/T.2 
100 |a Nguyễn, Đình Huề 
245 0 |a Giáo trình hóa lí 
245 0 |c Nguyễn Đình Huề 
260 |a Hà Nội 
260 |b Giáo dục Việt Nam 
260 |c 2012 
520 |a Nội dung giới thiệu đặc trưng chung của dung dịch hỗn hợp khí. Dung dịch lỏng vô cùng loãng. Dung dịch lí tưởng và dung dịch thực. Phương pháp toạ độ, cân bằng hoá học. Ảnh hưởng của nhiệt độ lên cân bằng hoá học. Nguyên lí thứ ba của nhiệt động lực học. Nhiệt động lực học thống kê. Qui tắc pha và giản đồ pha. Hiện tượng bề mặt, hấp thụ 
650 |a Chemistry, physical and theoretical,Lý thuyết hoá, lí 
904 |i Qhieu 
980 |a Trung tâm Học liệu Trường Đại học Cần Thơ